Elementary algebra

محفوظ في:
التفاصيل البيبلوغرافية
المؤلف الرئيسي: Charles P McKeague
التنسيق: كتاب
اللغة:Undetermined
منشور في: London Harcourt Brace Jovanovich 1990
الموضوعات:
الوسوم: إضافة وسم
لا توجد وسوم, كن أول من يضع وسما على هذه التسجيلة!
Thư viện lưu trữ: Trung tâm Học liệu Trường Đại học Cần Thơ
LEADER 00494nam a2200181Ia 4500
001 CTU_22345
008 210402s9999 xx 000 0 und d
082 |a 372.7 
082 |b M154 
100 |a Charles P McKeague 
245 0 |a Elementary algebra 
245 0 |c Charles P McKeague 
260 |a London 
260 |b Harcourt Brace Jovanovich 
260 |c 1990 
650 |a algebras 
904 |i Nguyễn Quang Điền, 980417 
980 |a Trung tâm Học liệu Trường Đại học Cần Thơ